[Event "Bayern-chTT (RL Sued-West)"]
[Site "Bayern 2008/09"]
[Date "2009.01.18"]
[Round "5.1"]
[White "Hoy, Bernd"]
[Black "Rogobete, Nikolas Johann"]
[Result "1/2-1/2"]
[WhiteElo "2239"]
[BlackElo "2148"]
[PlyCount "73"]
[EventDate "2009.03.??"]
[EventType "team-tourn"]
[EventRounds "9"]
[WhiteTeam "Klosterlechfeld 1"]
[BlackTeam "Türkheim 1"]

1. d4 Nf6 2. c4 e6 3. Nf3 b6 4. g3 Bb7 5. Bg2 Bb4+ 6. Bd2 Be7 7. O-O O-O 8. Bg5
d5 9. Nc3 Na6 10. Qa4 Qe8 11. Qxe8 Rfxe8 12. Ne5 c5 13. dxc5 Nxc5 14. Nb5 Nfe4
15. Bxe7 Rxe7 16. b4 Nd7 17. Bxe4 Nxe5 18. cxd5 exd5 19. Bg2 Nc4 20. e3 a6 21.
Nc3 Rd8 22. Rad1 Red7 23. Rd4 Na3 24. Rfd1 Nc2 25. R4d2 Nxb4 26. Rb2 d4 27.
Rxd4 Rxd4 28. exd4 Bxg2 29. Kxg2 Rxd4 30. a3 Nd3 31. Rxb6 g6 32. Rxa6 Rc4 33.
Ne2 Rc2 34. Ra8+ Kg7 35. Re8 Ra2 36. h4 Rxa3 37. Nd4 1/2-1/2

[Event "Bayern-chTT (RL Sued-West)"]
[Site "Bayern 2008/09"]
[Date "2009.01.18"]
[Round "5.2"]
[White "Antemia, Paul"]
[Black "Hornung, Hans Dr"]
[Result "1-0"]
[WhiteElo "2088"]
[BlackElo "2033"]
[PlyCount "63"]
[EventDate "2009.03.??"]
[EventType "team-tourn"]
[EventRounds "9"]
[WhiteTeam "Türkheim 1"]
[BlackTeam "Klosterlechfeld 1"]

1. e4 c5 2. Nf3 e6 3. d4 cxd4 4. Nxd4 Nc6 5. Be3 Nf6 6. Bd3 d5 7. Nxc6 bxc6 8.
e5 Nd7 9. f4 Nc5 10. O-O Nxd3 11. cxd3 c5 12. d4 c4 13. Nc3 Be7 14. Qh5 g6 15.
Qh6 Bf8 16. Qh3 Rb8 17. Rf2 Bg7 18. Raf1 O-O 19. g4 f6 20. Qg3 f5 21. h3 Qa5
22. Bc1 Bd7 23. Rh2 Kh8 24. Rff2 Rf7 25. h4 fxg4 26. h5 gxh5 27. Rxh5 Rg8 28.
f5 Bf8 29. fxe6 Rxf2 30. Rxh7+ Kxh7 31. Qh4+ Kg6 32. Qg5+ 1-0

[Event "Bayern-chTT (RL Sued-West)"]
[Site "Bayern 2008/09"]
[Date "2009.01.18"]
[Round "5.3"]
[White "Heinrich, Lorenz"]
[Black "Fischer, Manfred Dr(57)"]
[Result "0-1"]
[WhiteElo "2042"]
[BlackElo "2109"]
[PlyCount "90"]
[EventDate "2009.03.??"]
[EventType "team-tourn"]
[EventRounds "9"]
[WhiteTeam "Klosterlechfeld 1"]
[BlackTeam "Türkheim 1"]

1. d4 Nf6 2. c4 g6 3. Nc3 d5 4. e3 Bg7 5. Nf3 O-O 6. Be2 dxc4 7. Bxc4 c5 8. d5
Nbd7 9. e4 Nb6 10. Be2 Bg4 11. O-O Nfd7 12. a4 e6 13. a5 Nc8 14. Bg5 f6 15.
dxe6 Bxe6 16. Bf4 Ne5 17. Bxe5 fxe5 18. Qxd8 Rxd8 19. Ng5 Bf7 20. Nxf7 Kxf7 21.
Bc4+ Kf8 22. f4 Ke8 23. Bb5+ Ke7 24. Nd5+ Rxd5 25. exd5 e4 26. a6 b6 27. Rab1
Nd6 28. Bc6 Rf8 29. g4 Nc4 30. Rfe1 Rxf4 31. Rxe4+ Rxe4 32. d6+ Nxd6 33. Bxe4
Nxe4 34. Re1 Bxb2 35. Rxe4+ Kd6 36. Kf2 b5 37. Ke3 c4 38. Re8 Kc5 39. Rb8 Bd4+
40. Kd2 Kb4 41. Rb7 h5 42. gxh5 gxh5 43. Rh7 Kb3 44. Rxh5 b4 45. Rh3+ Kb2 0-1

[Event "Bayern-chTT (RL Sued-West)"]
[Site "Bayern 2008/09"]
[Date "2009.01.18"]
[Round "5.4"]
[White "Tudosa, Daniel"]
[Black "Steffen, Kevin"]
[Result "1-0"]
[WhiteElo "2027"]
[BlackElo "1990"]
[PlyCount "87"]
[EventDate "2009.03.??"]
[EventType "team-tourn"]
[EventRounds "9"]
[WhiteTeam "Türkheim 1"]
[BlackTeam "Klosterlechfeld 1"]

1. d4 Nf6 2. Nf3 b6 3. g3 Bb7 4. Bg2 e6 5. O-O Be7 6. c4 O-O 7. Nc3 c5 8. d5
exd5 9. cxd5 d6 10. e4 Nbd7 11. h3 b5 12. e5 Nxe5 13. Nxe5 dxe5 14. d6 Bxg2 15.
dxe7 Qxe7 16. Kxg2 b4 17. Nb1 c4 18. Qe2 Rac8 19. a3 a5 20. axb4 axb4 21. Ra5
Rfe8 22. Re1 Qb7+ 23. Kg1 e4 24. Be3 c3 25. bxc3 bxc3 26. Rc1 c2 27. Na3 Qd7
28. Kg2 Qd3 29. Rxc2 Qd6 30. Rac5 Rxc5 31. Rxc5 h5 32. Nb5 Qd7 33. Rc7 Qe6 34.
Qc4 Nd5 35. Nd4 Qe5 36. Rc8 Nxe3+ 37. fxe3 h4 38. Rxe8+ Qxe8 39. gxh4 Qd8 40.
Qc6 Qxh4 41. Qe8+ Kh7 42. Qxf7 Qg5+ 43. Kf2 Qh4+ 44. Ke2 1-0

[Event "Bayern-chTT (RL Sued-West)"]
[Site "Bayern 2008/09"]
[Date "2009.01.18"]
[Round "5.5"]
[White "Heinrich, Helmut(60)"]
[Black "Lux, Werner"]
[Result "0-1"]
[WhiteElo "2006"]
[BlackElo "1929"]
[PlyCount "108"]
[EventDate "2009.03.??"]
[EventType "team-tourn"]
[EventRounds "9"]
[WhiteTeam "Klosterlechfeld 1"]
[BlackTeam "Türkheim 1"]

1. f4 d5 2. Nf3 Bg4 3. e3 Nd7 4. Be2 Ngf6 5. b3 Bxf3 6. Bxf3 e5 7. fxe5 Nxe5 8.
Bb2 Bd6 9. Qe2 c6 10. a4 Qc7 11. Ba3 Nxf3+ 12. gxf3 Bxa3 13. Rxa3 Qe5 14. c3
Qf5 15. Ra1 Qc2 16. Qd1 Qf5 17. Na3 O-O-O 18. Qe2 Rhe8 19. Rc1 Nh5 20. Qg2 Nf4
21. Qg4 Nd3+ 22. Ke2 Nxc1+ 23. Rxc1 Qxg4 24. fxg4 Rd6 25. Rf1 Re7 26. Nc2 Rh6
27. Rf2 Re4 28. g5 Rg6 29. Rxf7 Rxg5 30. Nd4 Rg2+ 31. Kd3 Rh4 32. Rf8+ Kc7 33.
Rf7+ Kb6 34. b4 Rhxh2 35. Nb3 a6 36. a5+ Ka7 37. c4 dxc4+ 38. Kxc4 Rg4+ 39. Kc3
Rh1 40. d4 Rh5 41. Nc5 Rxc5+ 42. bxc5 h5 43. Kd3 h4 44. Rf3 Kb8 45. e4 Rg1 46.
d5 cxd5 47. exd5 g5 48. d6 Rd1+ 49. Kc4 g4 50. Rf8+ Ka7 51. Rf4 g3 52. c6 bxc6
53. Rf7+ Kb8 54. Kc5 g2 0-1

[Event "Bayern-chTT (RL Sued-West)"]
[Site "Bayern 2008/09"]
[Date "2009.01.18"]
[Round "5.6"]
[White "Erler, Mark"]
[Black "Winterkamp, Stefan"]
[Result "1-0"]
[WhiteElo "2018"]
[BlackElo "1978"]
[PlyCount "41"]
[EventDate "2009.03.??"]
[EventType "team-tourn"]
[EventRounds "9"]
[WhiteTeam "Türkheim 1"]
[BlackTeam "Klosterlechfeld 1"]

1. d4 Nf6 2. c4 e6 3. g3 d5 4. Bg2 Bb4+ 5. Bd2 Bxd2+ 6. Nxd2 O-O 7. Ngf3 b6 8.
O-O dxc4 9. Ne5 Nd5 10. Ndxc4 Bb7 11. Qb3 Nd7 12. Rfd1 Nxe5 13. Nxe5 f6 14. Nd3
f5 15. e3 Rb8 16. Rac1 Qd6 17. Rd2 Rfc8 18. Rdc2 Ba6 19. Rc6 Qxc6 20. Rxc6 Bxd3
21. Bxd5 1-0

[Event "Bayern-chTT (RL Sued-West)"]
[Site "Bayern 2008/09"]
[Date "2009.01.18"]
[Round "5.7"]
[White "Birnbaum, Karsten"]
[Black "Zellweger, Wilfried"]
[Result "1/2-1/2"]
[WhiteElo "1933"]
[BlackElo "1967"]
[PlyCount "86"]
[EventDate "2009.03.??"]
[EventType "team-tourn"]
[EventRounds "9"]
[WhiteTeam "Klosterlechfeld 1"]
[BlackTeam "Türkheim 1"]

1. d4 d5 2. Nf3 Nf6 3. g3 Bg4 4. Bg2 e6 5. O-O Be7 6. Nbd2 O-O 7. Ne5 Bh5 8.
Ndf3 Nbd7 9. c4 c6 10. Qc2 Rc8 11. c5 Nxe5 12. Nxe5 Nd7 13. Nd3 Bf6 14. Nf4 Bg6
15. Nxg6 hxg6 16. Rd1 Qe7 17. f4 b6 18. b4 b5 19. a4 a6 20. axb5 axb5 21. Ra6
Nb8 22. Ra5 Rfd8 23. e3 Rd7 24. Bd2 Ra7 25. Rda1 Rxa5 26. Rxa5 Rc7 27. Ra8 Rb7
28. Qa2 Qc7 29. h4 Kh7 30. Qa5 Bd8 31. Qxc7 Bxc7 32. Bh3 f5 33. Kf2 Bd8 34. Kf3
Kg8 35. Be1 Kf7 36. Bf1 Be7 37. Bd3 Nd7 38. Ke2 Nb8 39. Kf3 Bf6 40. Bf1 Be7 41.
Bh3 Bf6 42. g4 Be7 43. Bg3 Bf6 1/2-1/2

[Event "Bayern-chTT (RL Sued-West)"]
[Site "Bayern 2008/09"]
[Date "2009.01.18"]
[Round "5.8"]
[White "Roell, Horst"]
[Black "King, Alexander"]
[Result "0-1"]
[WhiteElo "1768"]
[BlackElo "1887"]
[PlyCount "70"]
[EventDate "2009.03.??"]
[EventType "team-tourn"]
[EventRounds "9"]
[WhiteTeam "Türkheim 1"]
[BlackTeam "Klosterlechfeld 1"]

1. d4 Nf6 2. Nf3 e6 3. Bf4 c5 4. e3 Nc6 5. Be2 Be7 6. O-O O-O 7. Nc3 d5 8. h3
b6 9. Ne5 Bb7 10. Bb5 Nxe5 11. Bxe5 c4 12. Qf3 Qc8 13. g4 a6 14. Ba4 b5 15.
Bxb5 axb5 16. Nxb5 Ne4 17. Qe2 Qc6 18. a4 Ba6 19. f3 Nd6 20. Nxd6 Bxd6 21. Bxd6
Qxd6 22. Qf2 c3 23. Rfb1 cxb2 24. Rxb2 Bc4 25. f4 Ra7 26. Qd2 Rfa8 27. Rb4 Qd7
28. a5 g6 29. Rb6 Qd8 30. Qb4 Ra6 31. Rb7 Kg7 32. c3 Rxa5 33. Rxa5 Qxa5 34. Qe7
Qa1+ 35. Kh2 Ra2+ 0-1

[Event "Bayern-chTT (RL Sued-West)"]
[Site "Bayern 2008/09"]
[Date "2009.02.01"]
[Round "6.1"]
[White "Hoy, Bernd"]
[Black "Schreiner, Richard"]
[Result "1/2-1/2"]
[WhiteElo "2239"]
[BlackElo "2096"]
[PlyCount "35"]
[EventDate "2009.03.??"]
[EventType "team-tourn"]
[EventRounds "9"]
[WhiteTeam "Klosterlechfeld 1"]
[BlackTeam "Garching 2"]

1. d4 Nf6 2. c4 e6 3. Nf3 d5 4. g3 b6 5. Bg2 Ba6 6. Ne5 Bb4+ 7. Bd2 Bxd2+ 8.
Nxd2 O-O 9. O-O Bb7 10. Qa4 Qe8 11. Qc2 Na6 12. a3 c5 13. dxc5 Nxc5 14. b4 Ncd7
15. Ndf3 Rc8 16. Qa2 Ne4 17. Rac1 dxc4 18. Rxc4 1/2-1/2

[Event "Bayern-chTT (RL Sued-West)"]
[Site "Bayern 2008/09"]
[Date "2009.02.01"]
[Round "6.2"]
[White "Englert, Jan"]
[Black "Hornung, Hans Dr"]
[Result "0-1"]
[WhiteElo "2071"]
[BlackElo "2032"]
[PlyCount "88"]
[EventDate "2009.03.??"]
[EventType "team-tourn"]
[EventRounds "9"]
[WhiteTeam "Garching 2"]
[BlackTeam "Klosterlechfeld 1"]

1. d4 e6 2. Nc3 d5 3. Bf4 Nf6 4. e3 Be7 5. Nf3 c5 6. Be2 O-O 7. O-O Nc6 8. Re1
a6 9. Bf1 Nh5 10. Bg3 Nxg3 11. hxg3 b5 12. Ne2 Bb7 13. c3 a5 14. dxc5 Bxc5 15.
Ned4 b4 16. c4 dxc4 17. Nxc6 Bxc6 18. Bxc4 Qf6 19. Qe2 Bb6 20. Rac1 Bb7 21. b3
Rfd8 22. Red1 g6 23. Rxd8+ Rxd8 24. Rd1 Rxd1+ 25. Qxd1 Qd8 26. Qxd8+ Bxd8 27.
Nd2 Bf6 28. Bd3 Bc6 29. Nc4 a4 30. bxa4 Bxa4 31. Kf1 Bc3 32. Ke2 Kf8 33. Nd2 f5
34. Bc4 Ke7 35. Nb3 Kd6 36. Kd3 Bc6 37. a3 Be4+ 38. Ke2 bxa3 39. f3 Bc2 40. Nc1
e5 41. Ba2 e4 42. Nb3 Bd3+ 43. Kf2 Bc4 44. f4 Kd5 0-1

[Event "Bayern-chTT (RL Sued-West)"]
[Site "Bayern 2008/09"]
[Date "2009.02.01"]
[Round "6.3"]
[White "Heinrich, Lorenz"]
[Black "Wittke, Volker"]
[Result "1-0"]
[WhiteElo "2042"]
[BlackElo "2084"]
[PlyCount "93"]
[EventDate "2009.03.??"]
[EventType "team-tourn"]
[EventRounds "9"]
[WhiteTeam "Klosterlechfeld 1"]
[BlackTeam "Garching 2"]

1. e4 c5 2. Nf3 e6 3. d4 cxd4 4. Nxd4 a6 5. c4 Nf6 6. Nc3 Qc7 7. Be2 Be7 8. O-O
O-O 9. g4 Rd8 10. g5 Ne8 11. Nf5 Bf8 12. Ne3 Nc6 13. f4 b6 14. Bd3 Bb7 15. Qh5
g6 16. Qh4 Rac8 17. Ng4 Nb4 18. Be2 d5 19. Rf3 f5 20. gxf6 dxe4 21. Rg3 Nd3 22.
Bxd3 Rxd3 23. Ne5 Rxg3+ 24. hxg3 Bc5+ 25. Kh2 Nd6 26. Qg4 Nf5 27. f7+ Kg7 28.
b3 Rd8 29. Qe2 Bd4 30. Bb2 Kf8 31. Ba3+ Kg7 32. f8=Q+ Rxf8 33. Bxf8+ Kxf8 34.
Rc1 Bxe5 35. fxe5 Qxe5 36. Qf2 Kg7 37. Ne2 Nh4 38. Qe3 Nf3+ 39. Kg2 Qb2 40. Rd1
Bc6 41. Rd6 Qf6 42. Rxc6 Ne1+ 43. Kg1 Nf3+ 44. Kh1 Qa1+ 45. Qc1 Qxa2 46. Rc7+
Kf6 47. Qf4# 1-0

[Event "Bayern-chTT (RL Sued-West)"]
[Site "Bayern 2008/09"]
[Date "2009.02.01"]
[Round "6.4"]
[White "Mueller, Marcus(63)"]
[Black "Steffen, Kevin"]
[Result "0-1"]
[WhiteElo "2081"]
[BlackElo "1990"]
[PlyCount "74"]
[EventDate "2009.03.??"]
[EventType "team-tourn"]
[EventRounds "9"]
[WhiteTeam "Garching 2"]
[BlackTeam "Klosterlechfeld 1"]

1. Nf3 Nf6 2. d4 b6 3. e3 Bb7 4. Bd3 e6 5. Qe2 d5 6. O-O Bd6 7. Nbd2 Ne4 8. Ne5
O-O 9. f3 Nxd2 10. Bxd2 c5 11. c3 f6 12. f4 Nd7 13. Qh5 f5 14. Nxd7 Qxd7 15.
Rf2 b5 16. Kh1 a5 17. Rg1 Rf6 18. Qe2 b4 19. g4 Bf8 20. Rfg2 Ra7 21. Be1 Qa4
22. gxf5 exf5 23. Qh5 Bc8 24. Bh4 Rff7 25. Bb1 bxc3 26. bxc3 Qa3 27. Rg3 Qxc3
28. Rh3 g6 29. Be1 Qc1 30. Rxg6+ Rg7 31. Qxh7+ Kf7 32. Rxg7+ Bxg7 33. Rg3 Kf8
34. Bxf5 Qxe1+ 35. Rg1 Qxe3 36. Bxc8 Qxg1+ 37. Kxg1 Bxd4+ 0-1

[Event "Bayern-chTT (RL Sued-West)"]
[Site "Bayern 2008/09"]
[Date "2009.02.01"]
[Round "6.5"]
[White "Heinrich, Helmut(60)"]
[Black "Lutz, Gerhard(65)"]
[Result "0-1"]
[WhiteElo "2006"]
[BlackElo "2084"]
[PlyCount "83"]
[EventDate "2009.03.??"]
[EventType "team-tourn"]
[EventRounds "9"]
[WhiteTeam "Klosterlechfeld 1"]
[BlackTeam "Garching 2"]

1. f4 c5 2. Nf3 Nf6 3. e3 g6 4. b3 Bg7 5. Bb2 O-O 6. Be2 d5 7. O-O b6 8. Ne5
Bb7 9. Bf3 Nc6 10. d4 cxd4 11. Nxc6 Bxc6 12. Bxd4 Qd7 13. Nd2 Rfd8 14. c4 Rac8
15. Qe2 Qb7 16. Rfd1 dxc4 17. Bxc6 Qxc6 18. Nxc4 Qe4 19. Rac1 Nh5 20. Bxg7
Rxd1+ 21. Rxd1 Kxg7 22. Qb2+ Nf6 23. a4 Rc7 24. h3 h5 25. Rd4 Qf5 26. Rd8 b5
27. axb5 Qxb5 28. g4 Rxc4 29. g5 Rc6 30. gxf6+ exf6 31. Qa3 Qc5 32. b4 Qe7 33.
Rd3 Qc7 34. Rd2 Rc3 35. Qa5 Qxa5 36. bxa5 Rxe3 37. Rd7 Rxh3 38. Kg2 Ra3 39.
Rxa7 f5 40. a6 Kf6 41. Kh2 Ke6 42. Kg2 0-1

[Event "Bayern-chTT (RL Sued-West)"]
[Site "Bayern 2008/09"]
[Date "2009.02.01"]
[Round "6.6"]
[White "Weinberger, Wolfgang"]
[Black "Winterkamp, Stefan"]
[Result "1/2-1/2"]
[WhiteElo "2039"]
[BlackElo "1978"]
[PlyCount "99"]
[EventDate "2009.03.??"]
[EventType "team-tourn"]
[EventRounds "9"]
[WhiteTeam "Garching 2"]
[BlackTeam "Klosterlechfeld 1"]

1. d4 Nf6 2. c4 b6 3. Nc3 Bb7 4. Bg5 e6 5. f3 Be7 6. e3 h6 7. Bh4 d5 8. cxd5
Nxd5 9. Bxe7 Qxe7 10. Nxd5 exd5 11. Qd2 O-O 12. O-O-O Re8 13. Re1 c5 14. Bb5
Nc6 15. Nh3 a6 16. Bxc6 Bxc6 17. Nf2 Rad8 18. Nd3 Rc8 19. Kb1 c4 20. Nf4 b5 21.
Qa5 Qb7 22. Re2 Re7 23. h4 Rce8 24. Rhe1 b4 25. g4 c3 26. Qc5 Rd7 27. g5 hxg5
28. hxg5 Rc8 29. Qa5 b3 30. Qxc3 bxa2+ 31. Kxa2 Bb5 32. Qa3 Bxe2 33. Rxe2 Qb5
34. Rh2 Qc4+ 35. b3 Qb5 36. Qb2 Qa5+ 37. Qa3 Qxa3+ 38. Kxa3 Rc3 39. Re2 Kf8 40.
Kb2 Rc6 41. Rh2 g6 42. Nd3 Re7 43. Ne5 Rb6 44. Rc2 Reb7 45. Rc3 Ke7 46. Ng4 Rb8
47. Nf6 Ke6 48. Kc2 Rh8 49. Rc5 Rh2+ 50. Kc3 1/2-1/2

[Event "Bayern-chTT (RL Sued-West)"]
[Site "Bayern 2008/09"]
[Date "2009.02.01"]
[Round "6.7"]
[White "Birnbaum, Karsten"]
[Black "Schmidt, Hans(62)"]
[Result "1-0"]
[WhiteElo "1933"]
[BlackElo "2010"]
[PlyCount "97"]
[EventDate "2009.03.??"]
[EventType "team-tourn"]
[EventRounds "9"]
[WhiteTeam "Klosterlechfeld 1"]
[BlackTeam "Garching 2"]

1. d4 f5 2. Nf3 Nf6 3. g3 g6 4. Bg2 Bg7 5. O-O O-O 6. c3 d5 7. Nbd2 e6 8. Nb3
b6 9. Bg5 Ba6 10. Re1 h6 11. Bf4 Nbd7 12. Qc1 Kh7 13. Ne5 Nxe5 14. Bxe5 Rc8 15.
f3 c5 16. Qd1 Bb7 17. Rc1 Qe7 18. e3 Rfd8 19. Bxf6 Bxf6 20. f4 c4 21. Nd2 Qd7
22. Nf3 b5 23. h3 a5 24. Qd2 Be7 25. g4 b4 26. Qe2 Rg8 27. h4 fxg4 28. Ne5 Qd8
29. h5 Qf8 30. Nxg6 Qf6 31. Qxg4 Bd6 32. Rf1 Rce8 33. Kh1 Qf5 34. Qf3 bxc3 35.
Rxc3 Bb4 36. Bh3 Qf6 37. Rc2 a4 38. Rxc4 Bd6 39. Rxa4 Rg7 40. Qd1 Rc8 41. Qd3
Kg8 42. Ra7 Rcc7 43. Qb5 Rgd7 44. Rg1 Kf7 45. Qd3 Ke8 46. Ne5 Bxe5 47. Rg8+ Ke7
48. dxe5 Qf7 49. Qa3+ 1-0

[Event "Bayern-chTT (RL Sued-West)"]
[Site "Bayern 2008/09"]
[Date "2009.02.01"]
[Round "6.8"]
[White "Cramer, Christian(69)"]
[Black "Luettge, Bernd"]
[Result "1/2-1/2"]
[WhiteElo "1944"]
[BlackElo "1976"]
[PlyCount "73"]
[EventDate "2009.03.??"]
[EventType "team-tourn"]
[EventRounds "9"]
[WhiteTeam "Garching 2"]
[BlackTeam "Klosterlechfeld 1"]

1. d4 g6 2. Nf3 Bg7 3. Bf4 d6 4. e3 Nd7 5. c4 Ngf6 6. Nc3 c6 7. Be2 O-O 8. h3
a6 9. a4 Re8 10. O-O a5 11. e4 Nh5 12. Be3 e5 13. Qd2 Nhf6 14. dxe5 dxe5 15.
Rfd1 Bf8 16. Qc2 Qc7 17. Ne1 Nc5 18. Bf3 Be6 19. Nd3 Nfd7 20. b3 Nxd3 21. Rxd3
Nc5 22. Rd2 Rad8 23. Rad1 Rxd2 24. Rxd2 Qb6 25. Bd1 Qc7 26. Be2 Na6 27. Na2 f5
28. f3 Nb4 29. Nxb4 Bxb4 30. Rd1 fxe4 31. fxe4 Rf8 32. Qd3 Be7 33. Qc3 Bb4 34.
Qb2 Be7 35. Qd2 Rd8 36. Qe1 Rxd1 37. Qxd1 1/2-1/2

[Event "Bayern-chTT (RL Sued-West)"]
[Site "Bayern 2008/09"]
[Date "2009.02.01"]
[Round "6.1"]
[White "Rogobete, Nikolas Johann"]
[Black "Jussupow, Ekaterina"]
[Result "1-0"]
[WhiteElo "2148"]
[BlackElo "2181"]
[PlyCount "73"]
[EventDate "2009.03.??"]
[EventType "team-tourn"]
[EventRounds "9"]
[WhiteTeam "Türkheim 1"]
[BlackTeam "Krumbach 2"]

1. e4 e5 2. Nf3 Nc6 3. Bb5 g6 4. d4 exd4 5. Nxd4 Bg7 6. Ne2 d6 7. O-O Nge7 8.
Nbc3 O-O 9. Bg5 h6 10. Be3 Ne5 11. Ng3 N7c6 12. Be2 Qh4 13. Nd5 Ng4 14. Bxg4
Bxg4 15. f3 Be6 16. Nxc7 Rad8 17. Nxe6 fxe6 18. c3 Ne5 19. Qb3 d5 20. Rad1 Nc4
21. Bd4 Bxd4+ 22. Rxd4 Qg5 23. Re1 Rd6 24. exd5 exd5 25. Qxb7 Rf7 26. Qc8+ Kg7
27. Qg4 Qxg4 28. Rxg4 Nxb2 29. Rd4 Ra6 30. Rxd5 Rxa2 31. h4 Na4 32. Rd6 Nxc3
33. Ree6 a5 34. Rxg6+ Kf8 35. Ra6 Rg7 36. h5 Rb2 37. Nf5 1-0

[Event "Bayern-chTT (RL Sued-West)"]
[Site "Bayern 2008/09"]
[Date "2009.02.01"]
[Round "6.2"]
[White "Jussupow, Alexander"]
[Black "Antemia, Paul"]
[Result "0-1"]
[WhiteElo "2047"]
[BlackElo "2088"]
[PlyCount "62"]
[EventDate "2009.03.??"]
[EventType "team-tourn"]
[EventRounds "9"]
[WhiteTeam "Krumbach 2"]
[BlackTeam "Türkheim 1"]

1. d4 Nf6 2. Nf3 e6 3. Bg5 d5 4. e3 Be7 5. Bd3 O-O 6. O-O h6 7. Bh4 Nbd7 8. Ne5
c5 9. c3 Nxe5 10. dxe5 Nd7 11. Bxe7 Qxe7 12. f4 f6 13. exf6 Nxf6 14. Nd2 e5 15.
fxe5 Qxe5 16. Qf3 Bd7 17. Rae1 Ng4 18. Qg3 Qxg3 19. hxg3 Rxf1+ 20. Nxf1 Re8 21.
Bg6 Re5 22. e4 Rg5 23. Bf5 Bxf5 24. exf5 Rxf5 25. Re2 Kf7 26. Nh2 Re5 27. Rd2
Re1+ 28. Nf1 Ke6 29. a3 Ke5 30. b4 b6 31. a4 d4 0-1

[Event "Bayern-chTT (RL Sued-West)"]
[Site "Bayern 2008/09"]
[Date "2009.02.01"]
[Round "6.3"]
[White "Fischer, Manfred Dr(57)"]
[Black "Lutz, Albert(45)"]
[Result "0-1"]
[WhiteElo "2109"]
[BlackElo "2084"]
[PlyCount "78"]
[EventDate "2009.03.??"]
[EventType "team-tourn"]
[EventRounds "9"]
[WhiteTeam "Türkheim 1"]
[BlackTeam "Krumbach 2"]

1. e4 e5 2. Nf3 Nf6 3. d3 Nc6 4. g3 d5 5. Nbd2 Bc5 6. Bg2 O-O 7. O-O Re8 8. c3
Bg4 9. b4 dxe4 10. dxe4 Bf8 11. Qc2 a6 12. Nc4 Qc8 13. Bg5 Nh5 14. Rad1 h6 15.
Bc1 g6 16. Ne3 Be6 17. Rd2 Bg7 18. Rfd1 Nf6 19. a3 Nd7 20. Bb2 Na7 21. c4 c5
22. Nd5 b5 23. cxb5 Nxb5 24. bxc5 Qxc5 25. a4 Bxd5 26. Qxc5 Nxc5 27. exd5 Nxa4
28. Ba1 Nac3 29. Re1 e4 30. Nh4 Rad8 31. f3 e3 32. Rd3 Rxd5 33. Rxd5 Nxd5 34.
Bxg7 Kxg7 35. f4 Nb4 36. Nf3 Nc3 37. Ne5 Nc2 38. Kf1 Nxe1 39. Kxe1 Rf8 0-1

[Event "Bayern-chTT (RL Sued-West)"]
[Site "Bayern 2008/09"]
[Date "2009.02.01"]
[Round "6.4"]
[White "Link, Ulrich Dr"]
[Black "Tudosa, Daniel"]
[Result "1-0"]
[WhiteElo "2112"]
[BlackElo "2027"]
[PlyCount "65"]
[EventDate "2009.03.??"]
[EventType "team-tourn"]
[EventRounds "9"]
[WhiteTeam "Krumbach 2"]
[BlackTeam "Türkheim 1"]

1. d4 Nf6 2. Nf3 g6 3. Nbd2 Bg7 4. e4 d6 5. Bc4 O-O 6. O-O Nbd7 7. e5 Ng4 8. e6
Nb6 9. exf7+ Kh8 10. Bb3 d5 11. c4 c6 12. Qe2 e6 13. h4 Qc7 14. g3 Qxf7 15. c5
Nd7 16. Ng5 Qf5 17. Bd1 Nxf2 18. Nxe6 Qh3 19. Rxf2 Rxf2 20. Kxf2 Nf6 21. Nxg7
Ng4+ 22. Kf3 Qh1+ 23. Kf4 Kxg7 24. Qe7+ Kg8 25. Qe8+ Kg7 26. Bxg4 Bxg4 27. Qxa8
Qg1 28. Qxb7+ Kh6 29. Kxg4 Qxd4+ 30. Ne4+ g5 31. Qxc6+ Kg7 32. Qd7+ Kg8 33.
Qe6+ 1-0

[Event "Bayern-chTT (RL Sued-West)"]
[Site "Bayern 2008/09"]
[Date "2009.02.01"]
[Round "6.5"]
[White "Lux, Werner"]
[Black "Gayer, Michael"]
[Result "1/2-1/2"]
[WhiteElo "1929"]
[BlackElo "1996"]
[PlyCount "45"]
[EventDate "2009.03.??"]
[EventType "team-tourn"]
[EventRounds "9"]
[WhiteTeam "Türkheim 1"]
[BlackTeam "Krumbach 2"]

1. e4 c5 2. Nf3 d6 3. d3 Nc6 4. g3 g6 5. Bg2 Bg7 6. O-O e6 7. Nc3 Nge7 8. Nh4
O-O 9. f4 f5 10. Nf3 Nd4 11. Ne2 Nec6 12. Nexd4 Nxd4 13. c3 Nxf3+ 14. Qxf3 Rb8
15. Be3 b6 16. Rfd1 Qc7 17. Rac1 Bb7 18. Qf2 Qf7 19. b4 cxb4 20. cxb4 Rbc8 21.
Qd2 d5 22. e5 Qd7 23. Qb2 1/2-1/2

[Event "Bayern-chTT (RL Sued-West)"]
[Site "Bayern 2008/09"]
[Date "2009.02.01"]
[Round "6.6"]
[White "Riedel, Lutz"]
[Black "Erler, Mark"]
[Result "0-1"]
[WhiteElo "1981"]
[BlackElo "2018"]
[PlyCount "106"]
[EventDate "2009.03.??"]
[EventType "team-tourn"]
[EventRounds "9"]
[WhiteTeam "Krumbach 2"]
[BlackTeam "Türkheim 1"]

1. c4 c5 2. Nc3 Nc6 3. g3 g6 4. Bg2 Bg7 5. d3 e5 6. Nf3 Nge7 7. O-O O-O 8. Rb1
d6 9. Bg5 f6 10. Bd2 Be6 11. Ne4 a5 12. a3 h6 13. Qc1 Kh7 14. h4 Qd7 15. e3 b6
16. b4 axb4 17. axb4 f5 18. Neg5+ hxg5 19. Nxg5+ Kh8 20. b5 Na5 21. Bxa8 Rxa8
22. h5 Bf6 23. Nxe6 Qxe6 24. hxg6 Nxg6 25. Qd1 Kg7 26. Bxa5 bxa5 27. b6 Qd7 28.
Qf3 Rb8 29. Rb5 e4 30. dxe4 Ne5 31. Qxf5 Qxf5 32. exf5 Nxc4 33. b7 a4 34. Rc1
a3 35. Rxc4 a2 36. Ra4 a1=Q+ 37. Rxa1 Bxa1 38. Rb6 c4 39. Kf1 d5 40. Ke2 d4 41.
e4 Bc3 42. g4 Ba5 43. Rb5 Bc7 44. Rb4 d3+ 45. Ke3 Bf4+ 46. Kxf4 d2 47. Rxc4
d1=Q 48. Rc7+ Kf8 49. Rc8+ Ke7 50. f6+ Ke6 51. Rc6+ Kd7 52. Rc5 Qd6+ 53. Re5
Re8 0-1

[Event "Bayern-chTT (RL Sued-West)"]
[Site "Bayern 2008/09"]
[Date "2009.02.01"]
[Round "6.7"]
[White "Epple, Ulrich"]
[Black "Maurer, Rainer(63)"]
[Result "0-1"]
[WhiteElo "1973"]
[BlackElo "1911"]
[PlyCount "74"]
[EventDate "2009.03.??"]
[EventType "team-tourn"]
[EventRounds "9"]
[WhiteTeam "Türkheim 1"]
[BlackTeam "Krumbach 2"]

1. e4 c5 2. Nf3 g6 3. d4 cxd4 4. Nxd4 Bg7 5. Nc3 Nc6 6. Be3 Nf6 7. Nxc6 bxc6 8.
e5 Nd5 9. Nxd5 cxd5 10. Qxd5 Rb8 11. Bxa7 Rxb2 12. Bd4 Rb8 13. Bc4 O-O 14. O-O
Bb7 15. Qc5 d6 16. exd6 exd6 17. Qa7 Bxg2 18. Kxg2 Ra8 19. Qb6 Qg5+ 20. Kh1 Qf4
21. Rfd1 Qf3+ 22. Kg1 Qg4+ 23. Kf1 Qh3+ 24. Kg1 Qg4+ 25. Kf1 Qh3+ 26. Ke1 Rfe8+
27. Be3 Bc3+ 28. Ke2 Qg4+ 29. Kd3 Bxa1 30. Rxa1 Qe4+ 31. Kc3 Rec8 32. Qd4 Qxd4+
33. Kxd4 Ra4 34. Kd5 Rcxc4 35. Kxd6 Rxc2 36. a3 Rc3 37. Bc5 Ra6+ 0-1

[Event "Bayern-chTT (RL Sued-West)"]
[Site "Bayern 2008/09"]
[Date "2009.02.01"]
[Round "6.8"]
[White "Gulde, Josef(49)"]
[Black "Zellweger, Wilfried"]
[Result "0-1"]
[WhiteElo "1862"]
[BlackElo "1967"]
[PlyCount "64"]
[EventDate "2009.03.??"]
[EventType "team-tourn"]
[EventRounds "9"]
[WhiteTeam "Krumbach 2"]
[BlackTeam "Türkheim 1"]

1. d4 d5 2. c4 c6 3. Nc3 Nf6 4. Nf3 e6 5. Bg5 dxc4 6. e4 b5 7. e5 h6 8. Bh4 g5
9. exf6 gxh4 10. Ne5 Qxf6 11. Be2 Nd7 12. Nxc6 Bb7 13. Bf3 a6 14. O-O Bg7 15.
Re1 O-O 16. Ne7+ Qxe7 17. Bxb7 Rad8 18. Bxa6 Nc5 19. Bxb5 Rxd4 20. Qf3 Nd3 21.
Re4 Rfd8 22. Rxd4 Rxd4 23. Ne2 Ne5 24. Qa8+ Rd8 25. Qe4 Qc5 26. a4 Rd2 27. Qa8+
Kh7 28. Qe4+ f5 29. b4 fxe4 30. bxc5 Rxe2 31. Rc1 Nd3 32. Rf1 c3 0-1